| 000 | 00621nam a2200181Ia 4500 | ||
|---|---|---|---|
| 008 | 151018s9999 xx 000 0 und d | ||
| 082 |
_bRBASDV17583 _a891.463 |
||
| 100 | _aसुमती क्षेत्रमाडे | ||
| 245 | _aबंदिनी | ||
| 250 | _b1 | ||
| 260 |
_bबांदोडकर पब्लिशिंग कंपनी मुंबई _c1983 |
||
| 300 | _a379 | ||
| 600 | _aसुमती क्षेत्रमाडे | ||
| 630 | _aबंदिनी | ||
| 700 | _aसुमती क्षेत्रमाडे | ||
| 730 | _aबंदिनी | ||
| 942 | _cBOOK | ||
| 999 |
_c1018261 _d1018258 |
||